000 00602nam a2200229Ia 4500
003 OSt
005 20221006164840.0
006 a|||||r|||| 00| 0
007 ta
008 221006b |||||||| |||| 00| 0 hin d
024 _a4,097
037 _cTextual
040 _aFML
_cFML
_bhin
041 _2hin
_ahin
082 _aNR44z7, Q2
100 _aGarg Lakshminarayan Au.
245 0 _aSangeet Nibandh Sagar
260 _aHathras
_bSangeet Karyalaya India
_c2012
300 _a289
_ccm.
942 _hNR44z7, Q2
_cTEXL
_2CC
999 _c1118692
_d1118692